| 000 | 00362nam a2200157 i 4500 | ||
|---|---|---|---|
| 001 | bg | ||
| 100 | 1 | _aAPENKO, M. I. | |
| 245 | 0 |
_aPrikladnaja optika / _cM.J. Apenko, A.S. Dubovik. |
|
| 260 |
_aMoskva, _c1971. |
||
| 700 | 1 | _aDUBOVIK, A. S. | |
| 040 | _cBPK | ||
| 041 | _apol | ||
| 080 | _a535.31 | ||
| 942 | _cKS | ||
| 008 | s pl f |000 0 pol | ||
| 999 |
_c14547 _d14547 |
||
| 856 |
_uhttp://koha.tu.koszalin.pl/cgi-bin/koha/opac-detail.pl?biblionumber=14547 _yKatalog online BPK |
||